000 00753nam a2200253Ia 4500
003 OSt
005 20220930065040.0
006 a|||||r|||| 00| 0
007 ta
008 220926b |||||||| |||| 00| 0 eng d
024 _a5041
037 _cTheses
040 _aCRL
_cCRL
_beng
041 _2eng
_aeng
100 _aJain Kusum
110 _aUniversity of Delhi. Faculty of Medical Sciences. Department of Medicine
245 0 _aIntestinal function in typhoid fever
260 _c1969
650 _aMEDICINE
700 _a Dr H K Chuttani Supervisor
_9523270
700 _aUniversity of Delhi. Faculty of Medical Sciences. Department of Medicine
942 _cDIS
_2CC
999 _c859002
_d859002